| 000 | 02776nam a2201057Ia 4500 | ||
|---|---|---|---|
| 001 | 10677 | ||
| 008 | 191123s9999 xx 000 0 und d | ||
| 020 | _a8448226313 | ||
| 041 | _aeng | ||
| 041 | _aspa | ||
| 044 | _asp | ||
| 245 | 0 | _aFotomontaje en la Colección del IVAM. | |
| 260 |
_aValencia : _bIVAM, _c2000. |
||
| 300 |
_a314 p. _bilustrado |
||
| 500 | _aDonación del IVAM. Incluye biografías de los artistas. | ||
| 650 | _a HAUSMANN, RAOUL | ||
| 650 | _aAMSTER, MAURICIO | ||
| 650 | _aBALDEON, JAVIER | ||
| 650 | _aBALDESSARI, JOHN | ||
| 650 | _aBAYER, HERBERT | ||
| 650 | _aCARRERA, MARIANO | ||
| 650 | _aCATALA I PIC, PERE | ||
| 650 | _aCHASHNIK, ILIA GRIGOREVICH | ||
| 650 | _aCITROEN, PAUL | ||
| 650 | _aDIS BERLIN | ||
| 650 | _aDOMELA, CESAR | ||
| 650 | _aDUCHAMP, MARCEL | ||
| 650 | _aERMILOV, VASILIV DIMITRIEVICH | ||
| 650 | _aFALCES, MANUEL | ||
| 650 | _aFONTCUBERTA, JOAN | ||
| 650 | _aFORMIGUERA, PERE | ||
| 650 | _aFOTOGRAFIA | ||
| 650 | _aFOTOMONTAJES | ||
| 650 | _aFREDDIE, VILHELM | ||
| 650 | _aGALINDO, JORGE | ||
| 650 | _aGOTO, JOHN | ||
| 650 | _aGROSZ, GEORGE | ||
| 650 | _aHAMILTON, RICHARD | ||
| 650 | _aHEARTFIELD, JOHN | ||
| 650 | _aHUGNET, GEORGES | ||
| 650 | _aIGNATOVITCH, BORIS | ||
| 650 | _aIMAGENES | ||
| 650 | _aJOOSTENS, PAUL | ||
| 650 | _aKAMMAN, JAN | ||
| 650 | _aKLUCIS, GUSTAV GUSTAVOVICH | ||
| 650 | _aKULAGINA, VALENTINA | ||
| 650 | _aLEKUONA, NICOLAS DE | ||
| 650 | _aLEONARD, JOS | ||
| 650 | _aLISSITZKY, EL | ||
| 650 | _aMAN RAY | ||
| 650 | _aMARTINEZ SANZ, VICENTE | ||
| 650 | _aMATTA CLARK, GORDON | ||
| 650 | _aMOHOLY NAGY, LASZLO | ||
| 650 | _aMULLER POHLE, ANDREAS | ||
| 650 | _aOORTHUYS, CAS | ||
| 650 | _aPERI, LASZLO | ||
| 650 | _aRAUSCHENBERG, ROBERT | ||
| 650 | _aRENAU, JOSEP | ||
| 650 | _aRICHTER, HANS | ||
| 650 | _aRODCHENKO, ALEXANDER | ||
| 650 | _aROH, FRANZ | ||
| 650 | _aROSKIN, VLADIMIR O. | ||
| 650 | _aRUEDA, JORGE | ||
| 650 | _aSANCHEZ, AMERICA | ||
| 650 | _aSANCHEZ, JUAN CARLOS | ||
| 650 | _aSAURA, ANTONIO | ||
| 650 | _aSCHUITEMA, PAUL | ||
| 650 | _aSMITHSON, ROBERT | ||
| 650 | _aSTANKOWSKI, ANTON | ||
| 650 | _aSTEINER, KARL | ||
| 650 | _aSTEINITZ, KATE | ||
| 650 | _aSTEPANOVA, VARVARA | ||
| 650 | _aSTERN, GRETE | ||
| 650 | _aTEIGE, KAREL | ||
| 650 | _aTSCHICHOLD, JAN | ||
| 650 | _aVERTOV, DZIGA | ||
| 650 | _aZELENKA, FRANTISEK | ||
| 650 | _aZRALY, VACLAV | ||
| 650 | _aZRALY, VACLAV | ||
| 650 | _aZWART. PIET, | ||
| 710 | _aInstitut Valencia d'art modern. Valencia. España | ||
| 902 | _aM | ||
| 903 | _am | ||
| 904 | _am | ||
| 907 | _aimpreso | ||
| 911 | _ailustrado | ||
| 912 | _a2000 | ||
| 942 | _cLIBRO | ||
| 999 |
_c8354 _d8354 |
||
| 550 | _ailustrado | ||